JID A-Z - Statistics

General Stats
  • This quiz has been taken 123 times
    36 since last reset
  • The average score is 16 of 24
Answer Stats
L/# Song % Correct
S Surround Sound | Sistanem | Stars | Slick Talk | Skrawberries | Somebody | Sk8
96%
G Galaxy | General | Glory | Gz
92%
C Crack Sandwich | Can't Punk Me | Can't Make U Change | Community
88%
O Off Deez | Off da Zoinkys | On McAfee | Of Blue
88%
B Bruddanem | Better Days
83%
W Westbrook | Workin Out | WRK | What We On | Wholeheartedly
83%
1 151 Rum
79%
K Kody Blu 31 | K-Word
79%
Y YouUgly
75%
2 2007
71%
H Hot Box | Hasta Luego | Hereditary | Hoodbooger
71%
J Just in Time | Just Da Other Day
67%
N Never | No Boo
67%
M Money | Mounted Up
63%
L Lauder Too | Lauder
58%
V VCRs
58%
R Raydar
54%
A All Bad | And We Vibing
50%
D Dance Now | Despacito Too | Doo Wop | D/vision
50%
E EddEddnEddy
46%
F Frequency Change | For Keeps
46%
U Underwear
42%
8 8701
29%
T Tiiied
29%
No matching quizzes found
Score Distribution
Percent of People with Each Score
Percentile by Number Answered
Your Score History
You have not taken this quiz since the last reset